000 00834nam a2200229 a 4500
001 000506878
003 AM-YeHGA
005 20250618072706.0
008 061102s1949 ai |||||r|||||||||0|arm|d
040 _aAM-YeHGA
041 0 _aarm
100 1 _aՍտեփանյան, Գառնիկ Խաչատուրի,
_d1909-1989
_91722
245 1 0 _aԱրազի /
_cԳ. Ստեփանյան.
260 _aԵրևան :
_bՀՍՍՌ ԳԱ,
_c1949.
300 _a[22] էջ
500 _aԱռանձնատիպ. ՀՍՍՌ ԳԱ 1949 թ. № 8 «Տեղեկագիր»-ից, էջ՝ 3-23
600 1 4 _aԱրազի, Մովսես,
_d1878-1964
_9972
650 1 0 _aՀայ գրականագիտություն
_94862
856 4 1 _uhttps://arar.sci.am/dlibra/publication/400710/edition/370837/content
_yԿարդալ առցանց
942 _2udc
_cBK
090 _c189525
999 _c188059
_d188059